000 00512nam a2200181Ia 4500
001 23607
008 140410s9999 xx 000 0 und d
020 _a0-9517930-04
040 _cPK-LaUMT
082 _a 153.1
_bKAP-M
100 _aNarinder Kapur
245 _aManaging your memory:
_ba self-help memory manual for improving everyday memory skills
_cNarinder Kapur
260 _aSouthampton,USA:
_bSouthampton General Hospital,
_c1991
300 _a38 p.
546 _aEN
650 _aMemory
942 _cBK
999 _c23830
_d23830